La libertad, para qué?

Sparad:
Bibliografiska uppgifter
Huvudupphovsman: Bernanos, Georges (Författare, medförfattare)
Materialtyp: Bok
Språk:spanska
Publicerad: Buenos Aires Hachette 1955
Serie:Mirador
Ämnen:
Taggar: Lägg till en tagg
Inga taggar, Lägg till första taggen!

MARC

LEADER 00000nam a2200000 a 4500
001 UCP7559
003 CL-VaPUC
008 991217e19550000AG |||||||||||||||||spa|d
082 0 4 |a 844  |b BER  |2 21 
100 0 |a Bernanos, Georges  |e author  |9 335559 
245 1 3 |a La libertad, para qué? 
300 |a 214 p 
942 |c BK 
945 |d 19991217 00:00:00  |a rherrera 
260 |a Buenos Aires  |b Hachette  |c 1955 
650 0 |a Literatura francesa  |9 266330 
650 0 |a Ensayos franceses  |9 265511 
651 0 |a Francia  |9 255157 
583 |a last modification  |c 19991217 00:00:00  |k Rodrigo Vera 
490 0 |a Mirador 
999 |c 284681  |d 284679 
952 |0 0  |1 0  |4 0  |6 844_000000000000000_BER_1955  |7 0  |8 A  |9 328857  |a BIBHIS  |b BIBHIS  |d 2019-11-20  |i 1379100  |o 844 BER 1955  |p 1379100  |r 2025-01-20  |w 2019-11-20  |y BK  |k HIS